000 05485cam a2201153 a 4500
999 _c57500
001 7626910
003 LIBRIS
005 20210414132825.0
008 011211s2000 sw ||||j||||||001 0|swe|
020 _a9172330368
_qINB
_c168:00
035 _a(Bo)301466
035 _a(Mo)b1444636
040 _aNB
_ea
041 1 _aswe
_heng
082 0 4 _a393.30932
_223/swe
084 _aJpba.02,u
_2kssb/6
084 _aJpba.02,u
_2kssb/6
084 _aJpba.02(yb),u
_2kssb/8
084 _aJpba.02(yb)
_2kssb/6
100 1 _aSteele, Philip,
_d1948-
_0https://libris.kb.se/0xbfms5j0q97h76#it
245 0 0 _aBoken om mumier /
_cPhilip Steele ; översättning: Ulla Öster ; [illustratörer: Vanessa Card ...].
264 1 _aStockholm :
_bValentin,
_c2000
264 3 _aKina
300 _a33 s.
_bill. (huvudsakligen i färg)
_c28 cm
340 _b28 cm
500 _5Mo
_aOrig:s titel: My best book of mummies
500 _5Mo
_asvenska
653 _aMumier
653 _aBarnböcker
653 _aMumier
653 _aMumier
653 _aEgypten
653 _aArkeologi
653 _aMumier
655 7 _aFaktaböcker
_0https://id.kb.se/term/barngf/Faktab%C3%B6cker
_2barngf
655 4 _5Mo
_aBok
887 _a{"@id":"0h96dsnb0mndx55","modified":"2019-06-12T17:30:05.491+02:00","checksum":"31063808245"}
_2librisxl
887 _a{"@id":"pt06l6zv5bl5cc1","modified":"2018-06-05T11:59:15.794+02:00","checksum":"29559070218"}
_2librisxl
887 _a{"@id":"jnvhwg7p4r8c0wz","modified":"2014-04-01T10:48:33+02:00","checksum":"42600332116"}
_2librisxl
887 _a{"@id":"v06576l13m75bpn","modified":"2008-08-19T14:10:54+02:00","checksum":"43124554880"}
_2librisxl
887 _a{"@id":"04bq8gb52zjxnv6","modified":"2012-04-03T09:47:32+02:00","checksum":"44953723334"}
_2librisxl
887 _a{"@id":"rw28n81x0bft608","modified":"2012-04-16T16:03:13+02:00","checksum":"38596455722"}
_2librisxl
887 _a{"@id":"tz4bqb400zjr4xt","modified":"2016-03-07T09:30:21+01:00","checksum":"40825249850"}
_2librisxl
887 _a{"@id":"v05crc5124rn8vm","modified":"2018-06-05T11:59:15.825+02:00","checksum":"39314027512"}
_2librisxl
887 _a{"@id":"pt0pmrzv5n350bq","modified":"2003-01-16T10:44:27+01:00","checksum":"35687161651"}
_2librisxl
887 _a{"@id":"w16dsd624hwmpvz","modified":"2018-06-05T11:59:15.574+02:00","checksum":"45514143293"}
_2librisxl
887 _a{"@id":"x27ftf734454l9z","modified":"2018-06-05T11:59:15.577+02:00","checksum":"32273617260"}
_2librisxl
887 _a{"@id":"z38gvg8411kf160","modified":"2018-06-05T11:59:15.579+02:00","checksum":"35653980718"}
_2librisxl
887 _a{"@id":"6bhp3phc1kgz90l","modified":"2009-12-16T12:43:03+01:00","checksum":"38008796832"}
_2librisxl
887 _a{"@id":"v06bg931246z3cz","modified":"2010-05-12T09:20:04+02:00","checksum":"51509600006"}
_2librisxl
887 _a{"@id":"049hwh9522m7lvb","modified":"2018-06-05T11:59:15.582+02:00","checksum":"36917229918"}
_2librisxl
887 _a{"@id":"15bjxjb64h3glpg","modified":"2018-06-05T11:59:15.587+02:00","checksum":"38666551420"}
_2librisxl
887 _a{"@id":"37dl0ld80svktw5","modified":"2018-06-05T11:59:15.596+02:00","checksum":"40698059246"}
_2librisxl
887 _a{"@id":"26ckzkc744qvsrs","modified":"2018-06-05T11:59:15.592+02:00","checksum":"40078741307"}
_2librisxl
887 _a{"@id":"w17kwrm22zmvpdc","modified":"2011-12-06T14:38:07+01:00","checksum":"39547476504"}
_2librisxl
887 _a{"@id":"bgnrh2dh4h39dt7","modified":"2013-07-31T12:17:03+02:00","checksum":"37828397014"}
_2librisxl
887 _a{"@id":"z39dhqb40zjkz0l","modified":"2010-02-02T12:15:44+01:00","checksum":"40438460512"}
_2librisxl
942 _2z
_cBOOK